Statistics for Japanese Words in English

Click here to take the quiz!

General Stats

  • This quiz has been taken 7,344 times
  • The average score is 11 of 15

Answer Stats

HintAnswer% Correct
SayonaraGoodbye
96%
Kon'nichiwaHello
96%
RamenNoodles
90%
KawaiiCute
89%
NekoCat
86%
NihonJapan
86%
HanaFlower
85%
SakuraCherry Blossom
73%
AiLove
62%
YukiSnow
60%
KokoroHeart
57%
IchigoStrawberry
56%
UsagiBunny
55%
SoraSky
54%
MoriForest
40%

Score Distribution

Percentile by Number Answered

Percent of People with Each Score

Your Score History

You have not taken this quiz